Grafika komputerowa

Guardado en:
Detalles Bibliográficos
Autor principal: Baumann, Rüdeger
Otros Autores: Zmijewski, Marcin
Formato: Libro
Lenguaje:polaco
Publicado: Warszawa Wyd. Komunikacji i Lacznosci 1989
Edición:1. wyd.
Etiquetas: Agregar Etiqueta
Sin Etiquetas, Sea el primero en etiquetar este registro!

MARC

LEADER 00000nam a2200000 4500
001 c032593
005 20221215130123.1
041 0 |a pol 
044 |a PL 
245 1 0 |a Grafika komputerowa  |c Rüdeger Baumann ; [Z nem. prel.] Marcin Zmijewski 
250 |a 1. wyd. 
264 1 |a Warszawa  |b Wyd. Komunikacji i Lacznosci  |c 1989 
300 |a 319 s. 
100 1 |a Baumann, Rüdeger 
700 1 |a Zmijewski, Marcin